000 00820nam a22002297a 4500
999 _c5113
_d5113
003 AR-CdUCM
008 190312b ||||| |||| 00| 0 spa d
040 _aMUNICIPALIDAD PROVINCIAL DEL CUSCO
_cBIBLIOTECA MUNICIPAL DEL CUSCO
041 _hfre
082 _a915 /
_bR35
100 _aReclus, Onésimo y Eliseo
_915554
245 _aNovísima Geografía Universal /
260 _aValencia :
_bPrometeo,
300 _a531 páginas ;
_bilustraciones, mapas,
_c22 cm.
_eMapa geográfico de Asia plegable.
505 _aContenido: t.2: Asia -- Asia rusa -- Turkestán ruso --Caucasia -- Asia Menor ó Turquía Asiática -- Arabia ...
650 _aAsia
_93888
650 _aGeografía
_9318
650 _aHistoria
_9136
700 _aIbañes, Vicente Blasco (traducción)
_915555
942 _2ddc
_cLIBROS
945 _aachl